[Event "RUS-Cup01 Chigorin Memorial"]
[Site "St Petersburg"]
[Date "1996.??.??"]
[Round "6"]
[White "Yemelin, Vasily"]
[Black "Filippov, Valerij"]
[Result "1-0"]
[WhiteElo "2460"]
[BlackElo "2565"]
[Annotator "Notkin,M"]
[PlyCount "83"]
[EventDate "1996.11.??"]
[EventType "swiss"]
[EventRounds "9"]
[EventCountry "RUS"]
[SourceTitle "CBM 056 Extra"]
[Source "ChessBase"]
[SourceDate "1997.03.01"]
[SourceVersion "1"]
[SourceVersionDate "1997.03.01"]
[SourceQuality "1"]

1. e4 c5 2. Nf3 e6 3. d4 cxd4 4. Nxd4 Nf6 5. Nc3 Nc6 6. Ndb5 d6 7. Bf4 e5 8.
Bg5 a6 9. Na3 b5 10. Nd5 Be7 11. Nxe7 Nxe7 12. Bd3 Bb7 13. Qe2 d5 $6 (13... O-O
14. O-O Ng6 15. c4 h6 16. Bxf6 Qxf6 17. cxb5 Nf4 18. Qf3 axb5 19. Nxb5 Qg6 $44
{Anand,V-Ivanchuk,V/Linares/1992/0,5/24/}) (13... Nd7 14. b4 f6 15. Bd2 O-O 16.
c4 f5 17. cxb5 fxe4 18. Bxe4 d5 19. Bc2 Nf5 $44 {Yemelin,V-Krasenkov,M/Elista/
1995/0:1/52/}) 14. exd5 Nfxd5 (14... Qxd5 15. O-O-O Qe6 16. Rhe1 Nd7 (16... Nc6
17. f4 Nd7 18. Be4 f6 19. Qh5+ Kf8 20. fxe5 Ndxe5 21. Be3 $16 {Varga,
Z-Dumitrache,D/Odorheiu Secuiesc/1995/1:0/55}) 17. Bxe7 Qxe7 18. f4 O-O 19.
fxe5 Nc5 $14 {Womacka,M-Vaisser,A/Munich/1992/0:1/52/}) 15. O-O f6 16. Bd2 O-O
17. c4 bxc4 18. Nxc4 Ng6 (18... Nc6 19. Qh5 g6 20. Bxg6 hxg6 21. Qxg6+ Kh8 22.
Qh5+ Kg8 23. Bh6 Nce7 (23... Qe7 24. Rad1 Nd4 25. Rd3 $18) 24. Bxf8 $16) (18...
Rf7 19. Rfd1 Nc6 20. Be3 $16) 19. Rfd1 Qc7 (19... Ndf4 20. Bxf4 Nxf4 21. Bxh7+
Kh8 22. Qc2 $16) (19... Qe7 $142) 20. Bxg6 $1 (20. Qh5 e4) (20. Rac1 Ndf4)
20... hxg6 21. Rac1 Qe7 22. Na5 Rf7 (22... Rac8 23. Qd3 g5 24. Qb3 Ba8 25. a3
$14) 23. Qg4 (23. Qc4 $142) 23... g5 24. g3 Re8 (24... g6 25. Nxb7 Qxb7 26. Qe4
Kg7 27. Ba5 (27. Bxg5 Rd8 28. Bd2 Qxb2 $14) 27... Rd7 28. Rc5 Ne7 29. Qxb7 Rxb7
30. Bc3 $14) 25. Qc4 $6 (25. Nxb7 Qxb7 26. Rc5 Nc7 $14 {/\Ne6/}) 25... Ba8 $1 (
25... Rc8 26. Qb3 $16) 26. Nc6 (26. Qxa6 Qd7 27. Nc6 (27. Be1 Qg4) 27... Rc8 $1
28. Nb4 Bb7 $44) 26... Qe6 27. Ba5 Rd7 (27... Rc8 28. Ne7+) 28. b4 Rd6 $1 (
28... e4 29. a4 e3 30. Re1 $14) 29. Na7 {גa8-h1/} Kf7 $6 (29... e4 30. a4 e3
31. Re1 exf2+ 32. Kxf2 Qf5+ 33. Kg1 Rxe1+ 34. Rxe1 Kh7 $13) (29... Rd7 30. Nc6
Rd6 $10) 30. a4 Rh8 $2 {[+]/} (30... e4 31. b5 axb5 32. axb5 e3 33. Re1 exf2+
34. Kxf2 Qf5+ 35. Kg1 Rxe1+ 36. Rxe1 $14) 31. f3 Kg6 32. b5 Qh3 33. Qc2+ Kf7
34. Nc6 Ne3 $2 (34... Qe6 35. Qc5 $16 {/\Bb4/}) 35. Qa2+ Re6 (35... Qe6 36.
Nxe5+ $1 fxe5 37. Rc7+ Kg8 (37... Ke8 38. Qxe6+ Rxe6 39. Rc8+ Ke7 40. Rxh8 Nxd1
41. Rxa8 $18) (37... Kg6 38. Rxd6 Qxd6 39. Qf7+ $18) 38. Qxe6+ Rxe6 39. Rd8+
Kh7 40. Rxh8+ Kxh8 41. Rc8+ Kh7 42. Rxa8 axb5 43. axb5 Nc4 (43... Nd5 44. b6
Nxb6 45. Ra6 $18) 44. Bc7 Rf6 45. Kf2 $16) 36. Rd6 (36. Nd8+ Rxd8 37. Rxd8 Bxf3
38. Rd6 $18) 36... axb5 37. axb5 Bxc6 38. bxc6 Rc8 39. c7 Ke7 (39... g6 40. Bb6
$18) 40. Rxe6+ Qxe6 41. Qa3+ Kf7 42. Qxe3 1-0

[Event "Olympiad-23"]
[Site "Buenos Aires"]
[Date "1978.10.31"]
[Round "6"]
[White "Parma, Bruno"]
[Black "Bhend, Edwin"]
[Result "1-0"]
[WhiteElo "2540"]
[BlackElo "2345"]
[Annotator "Parma,B"]
[PlyCount "71"]
[EventDate "1978.10.25"]
[EventType "team-swiss"]
[EventRounds "14"]
[EventCountry "ARG"]
[SourceTitle "EXT 2000"]
[Source "ChessBase"]
[SourceDate "1999.11.16"]
[SourceVersion "1"]
[SourceVersionDate "1999.11.16"]
[SourceQuality "1"]
[WhiteTeam "Yugoslavia"]
[BlackTeam "Switzerland"]
[WhiteTeamCountry "YUG"]
[BlackTeamCountry "SUI"]

{Inf.26/388} 1. e4 c5 2. Nf3 Nc6 3. d4 cxd4 4. Nxd4 Nf6 5. Nc3 e5 6. Ndb5 d6 7.
Bg5 a6 8. Na3 b5 9. Bxf6 gxf6 10. Nd5 f5 11. Bd3 Be6 12. Qh5 Bg7 13. O-O Na5 $6
(13... f4) 14. c3 Ra7 $1 15. Nc2 (15. Rad1 $5) 15... Nc4 16. Ndb4 $1 fxe4 (
16... Nxb2 17. exf5 $16) 17. Bxe4 d5 18. Bf5 (18. Rad1 Rd7 $13) 18... Qd7 19.
Bxe6 Qxe6 20. b3 (20. Nd4 $5) 20... Nb6 21. Ne3 $6 (21. Nd4 $5 Qg6 $140 22. Nf5
$14) 21... O-O 22. Nf5 $13 (22. Rad1 $6 f5 $1 23. Nexd5 a5 $44) 22... Kh8 23.
Rae1 f6 24. Re3 Rg8 25. f4 (25. Nxa6 Bf8 $1 $19) 25... Bf8 $2 (25... e4 $13)
26. fxe5 Rg5 27. Nd4 $1 $18 Qg8 (27... Rxh5 28. Nxe6 Bxb4 29. cxb4 fxe5 30.
Rf8#) 28. Qe2 Rag7 (28... fxe5 29. Rxf8 $1 Qxf8 30. Ne6) 29. Rf2 Nd7 30. exf6
Nxf6 31. Ne6 Bxb4 32. cxb4 Ne4 33. Nxg5 Rxg5 34. Qb2+ Rg7 35. Rf4 Qb8 36. Rg4
1-0

[Event "RUS-Cup01 Chigorin Memorial"]
[Site "St Petersburg"]
[Date "1997.11.06"]
[Round "6"]
[White "Asrian, Karen"]
[Black "Karasev, Vladimir I"]
[Result "1-0"]
[WhiteElo "2515"]
[BlackElo "2350"]
[Annotator "Petursson,M"]
[PlyCount "53"]
[EventDate "1997.11.01"]
[EventType "swiss"]
[EventRounds "9"]
[EventCountry "RUS"]
[SourceTitle "CBM 062"]
[Source "ChessBase"]
[SourceDate "1998.01.31"]
[SourceVersion "1"]
[SourceVersionDate "1998.01.31"]
[SourceQuality "1"]

1. e4 c5 2. Nf3 Nc6 3. d4 cxd4 4. Nxd4 Qb6 5. Nb3 Nf6 6. Nc3 e6 7. Bd3 Bb4 8.
O-O O-O 9. Be3 Qc7 10. Nb5 Qb8 11. a3 Be7 12. f4 e5 13. c4 exf4 14. Bxf4 Ne5
15. c5 b6 16. Bxe5 Qxe5 17. Rf5 Qb8 18. e5 Ne8 19. Bc4 Bxc5+ 20. Nxc5 d5 (20...
bxc5 21. Qd5 $18 {[%csl Rf7][%cal Rd5f7,Rf5f7,Rc4f7] x f7}) {[%tqu "En","Can
you find a brilliant winning move for White here?","Black is attacking your
bishop on c4 and your rook on f5. Can use either one of those pieces to break
up his Kings' position?","Use your rook to get him on the light squares",
"f5f7","",20]} 21. Rxf7 $3 Kxf7 (21... Rxf7 22. Qxd5 $18 {[%csl Rf7][%cal
Rc4g8]}) (21... dxc4 22. Rxf8+ Kxf8 23. Qd5 bxc5 24. Rf1+ Nf6 25. Nd6 Qc7 26.
Qxa8 $18) 22. Qxd5+ Kg6 23. Qc6+ Kh5 24. Be2+ Kg5 25. Ne4+ Kf4 26. Rf1+ Kxe5
27. Rxf8 1-0

[Event "Kharkov Rector Cup 3rd"]
[Site "Kharkov"]
[Date "2001.04.20"]
[Round "4"]
[White "Ponomariov, Ruslan"]
[Black "Eljanov, Pavel"]
[Result "1-0"]
[WhiteElo "2673"]
[BlackElo "2558"]
[Annotator "Ponomariov,R"]
[PlyCount "63"]
[EventDate "2001.04.18"]
[EventType "tourn"]
[EventRounds "10"]
[EventCountry "UKR"]
[EventCategory "13"]
[SourceTitle "CBM 083"]
[Source "ChessBase"]
[SourceDate "2001.07.05"]
[SourceVersion "1"]
[SourceVersionDate "2001.07.05"]
[SourceQuality "1"]

{[%mdl 132]} 1. e4 c5 2. Nc3 Nc6 3. Nge2 Nf6 (3... Nd4 $6 4. d3 g6 5. Nxd4 cxd4
6. Ne2 Bg7 7. c3 dxc3 8. Nxc3 d6 9. d4 Nf6 10. Be2 O-O 11. O-O e5 12. Be3 Bd7
13. Rc1 exd4 14. Bxd4 Bc6 15. b4 $1 $16 {Ponomariov-Moiseenko, Kharkov 2001})
4. d4 cxd4 5. Nxd4 e5 6. Ndb5 d6 7. Bg5 a6 8. Na3 b5 9. Bxf6 gxf6 10. Nd5 f5
11. c3 Bg7 12. exf5 Bxf5 13. Nc2 O-O 14. Nce3 Be6 15. Bd3 f5 16. Qh5 e4 17. Bc2
Ne7 18. Rd1 Ng6 19. f4 exf3 20. gxf3 Qd7 $5 (20... f4 $2 21. Nf5 Bxf5 22. Bxf5
Re8+ 23. Kf2 Re5 24. Rhe1 Qh4+ 25. Qxh4 Nxh4 26. Rxe5 Bxe5 27. Rg1+ Kh8 28. Be4
Rf8 29. Rg5 $1 $18 {Ponomariov-Mikhaletz, Donetsk 1998}) 21. O-O $1 (21. f4 $2
Qa7 $1 22. Kd2 b4 $1 $36) 21... Qf7 $146 (21... Rae8 22. Kh1 f4 23. Ng2 Bh3 24.
Rfe1 Bxg2+ $6 25. Kxg2 Rxe1 26. Rxe1 Re8 27. Rxe8+ Qxe8 28. Kf2 $16 {
Kudrin-Rikardi, Mendoza 1985}) 22. f4 Rac8 23. Rf3 $1 $40 Rc5 24. Rh3 h6 (24...
Bh8 25. Nxf5 $18) 25. Rg3 Kh7 (25... Bxd5 26. Nxd5 Rxd5 27. Rxd5 Qa7+ 28. Kf1
Nxf4 29. Qxh6 Nxd5 30. Bb3 $18) 26. b4 (26. Rg5 $6 Ne7 27. Nxe7 Qxe7 28. Rxd6
Kh8 $13) 26... Rcc8 27. Rd2 $1 Bxd5 (27... Qe8 28. Re2 $18) (27... Bxc3 28.
Rdg2 Rg8 29. Nxf5 Bxf5 30. Qxf5 Bd4+ 31. Kf1 Qxf5 32. Bxf5 Rc1+ 33. Ke2 Re8+
34. Kd2 Ree1 35. Rxg6 Rcd1+ 36. Kc2 Rc1+ 37. Kb3 Rb1+ 38. Ka3 $18) 28. Bxf5 Kh8
29. Rxg6 Qa7 30. Rxh6+ Bxh6 31. Qxh6+ Kg8 32. Be6+ {0.44-1.18} 1-0

[Event "Ashdod op 1st"]
[Site "Ashdod"]
[Date "2003.10.14"]
[Round "4"]
[White "Postny, Evgeny"]
[Black "Kaganskiy, Gleb"]
[Result "1-0"]
[WhiteElo "2526"]
[BlackElo "2386"]
[Annotator "Postny,E"]
[PlyCount "97"]
[EventDate "2003.10.04"]
[EventType "swiss"]
[EventRounds "9"]
[EventCountry "ISR"]
[SourceTitle "CBM 096 Extra"]
[Source "ChessBase"]
[SourceDate "2003.10.22"]
[SourceVersion "2"]
[SourceVersionDate "2003.10.20"]
[SourceQuality "1"]

1. e4 c5 2. Nf3 Nc6 3. d4 cxd4 4. Nxd4 Nf6 5. Nc3 e5 6. Ndb5 d6 7. Nd5 Nxd5 8.
exd5 Nb8 9. c4 a6 10. Nc3 Be7 11. Be2 (11. Bd3 {is also popular nowadays.})
11... O-O 12. O-O f5 13. Kh1 {Relatively rare move in this position.} (13. f4 {
is the main line.}) 13... f4 $6 {[%mdl 16384] Wrong concept. Black does not
get sufficient counterplay for the e4 square.} ({After normal} 13... Nd7 14. f4
{the position transposes to the main line.}) 14. b3 $146 (14. Bg4 Bxg4 (14...
Qc7 $5) 15. Qxg4 Qc8 16. Qe2 Rf6 17. Ne4 Rh6 18. g3 g5 19. Rg1 Kf7 20. b4 Qh3
21. f3 $16 {1-0 Wortel,M-Holmsten,A/Groningen 1999/CBM 73 ext (33)}) (14. Ne4
Bf5 15. Bd3 Nd7 16. b4 Rc8 17. f3 Qe8 18. Bb2 Bg6 19. Rc1 Nf6 20. c5 $14 {
0-1 Blanco,C-Smistik,M/Szeged 1994/TD (39)}) 14... Rf6 $6 {Another step in the
wrong direction.} (14... Nd7 15. Bg4 Nf6 16. Bxc8 Qxc8 17. Qd3 $14) 15. Ne4 Rh6
16. Bg4 $16 {It is recommended for white to exchange light-squared bishops.}
Nd7 17. Be6+ Kh8 18. g3 ({Comes to consideration} 18. Ba3) 18... Nf8 (18... Nc5
19. Nxc5 dxc5 20. gxf4 Bxe6 21. fxe5 $1 $16 {[%csl Re6,Rh6]}) 19. Bxc8 Qxc8 20.
g4 Nd7 (20... b5 21. Ba3 bxc4 22. Rc1 $16) 21. f3 Nc5 (21... b5 22. Ba3 {
is in white's favour, but probably this was better practical decision for
black.}) 22. Qe2 Qc7 $2 {This move blunders a pawn.} ({Possible was} 22... Nxe4
23. Qxe4 Qc7 {, although black's position remains unpleasant.}) 23. Nxc5 dxc5 (
23... Qxc5 24. Bxf4 {[%cal Ge2e7] and white is just a pawn up.}) 24. Re1 $18 {
Black can not save the pawn, because of weakness of 8th rank.} Bh4 (24... Bd6
25. Bxf4 $18) 25. Bxf4 ({Much worse is} 25. Qxe5 $2 Qxe5 26. Rxe5 Bf6) 25...
Bxe1 26. Bxh6 Bc3 27. Rc1 Bd4 28. Bd2 $6 ({More accurate was} 28. Bg5 {[%csl
Re5][%cal Gg5h4,Gh4g3]}) 28... Rf8 29. Kg2 Qf7 30. Qe4 b5 31. Be3 {Eliminating
black's annoying bishop.} bxc4 32. bxc4 Rb8 33. Bxd4 exd4 34. Re1 h6 35. Kg3
Qc7+ ({More stubborn was} 35... Rf8) 36. Qe5 Qb6 ({The rooks endgame after} 
36... Qxe5+ 37. Rxe5 {is hopeless for black.}) 37. d6 $1 {This pawn decides
the game.} Rd8 38. d7 Kh7 39. Qf5+ Qg6 {[%tqu "En","Find the best move for
white.","","","e1e7","",10]} 40. Re7 $1 h5 ({In case of} 40... Qxf5 41. gxf5 {
Black is completely out of moves and also defenseless against f5-f6 advance.})
(40... d3 41. Qxg6+ (41. Kf2 $18) 41... Kxg6 42. Re6+ Kf7 43. Rd6 $18) 41.
Qxh5+ Qxh5 42. gxh5 Kh6 43. Kf4 {The rest of the game is rather pointless.}
Kxh5 44. Rxg7 Kh6 45. Re7 Kg6 46. Ke5 a5 (46... d3 47. Re6+ {[%cal Ge6d6]}) 47.
Kd6 d3 48. Re3 d2 49. Rd3 1-0

[Event "Paris Apsap op 103rd"]
[Site "Paris"]
[Date "2008.08.11"]
[Round "7"]
[White "Guliyev, Namig"]
[Black "Debray, Christopher"]
[Result "1/2-1/2"]
[WhiteElo "2510"]
[BlackElo "2378"]
[Annotator "Primel,D"]
[PlyCount "163"]
[EventDate "2008.08.06"]
[EventType "swiss"]
[EventRounds "9"]
[EventCountry "FRA"]
[SourceTitle "EXT 2010"]
[Source "ChessBase"]
[SourceDate "2010.11.25"]
[SourceVersion "1"]
[SourceVersionDate "2010.11.25"]
[SourceQuality "1"]

1. e4 c5 2. Nf3 Nc6 3. d4 cxd4 4. Nxd4 Nf6 5. Nc3 e5 {La variante Sveshnikov a
perdu beaucoup de sa popularité au haut niveau,notamment parce que les blancs
ont trouvé des renforcements dans la ligne 9. Nd5.} 6. Ndb5 d6 7. Bg5 a6 8. Na3
b5 9. Bxf6 (9. Nd5 {Cette alternative est devenue récemment la ligne
principale et c'est d'ailleurs la ligne préconisée par Khalifman dans sa
monographie 8}) 9... gxf6 10. Nd5 Bg7 (10... f5 {plus courant}) 11. c3 (11. Bd3
$5 Be6 (11... Ne7 12. Nxe7 Qxe7 13. O-O (13. c4 f5 $1 14. cxb5 $6 d5 $40) 13...
O-O) 12. O-O Bxd5 13. exd5 Ne7 14. c3 (14. c4 f5 15. cxb5 $6 e4 $36 16. Bc4
Bxb2 17. Nc2 $146 axb5 18. Bxb5+ Kf8 19. Rb1 {Galkin,A (2608)-Carlsen,M (2710)
Carlsen-Galkin Match blitz 2007 1/2}) 14... f5 15. Qh5 e4 16. Bc2 O-O 17. Rae1
Rc8 $5 {Visiblement CARLSEN voulait tester cette idée en blitz} (17... Qc8 {
la grande ligne}) 18. Bb1 (18. Bb3 $142) 18... Rc5 19. f3 $5 $146 {
Impressionnant, cette partie en blitz va suivre une amélioration proposée par
ROGOZENKO dans une partie qu'il a commentée pour CB magazine} (19. Rd1 Nxd5 {
Pavlov,M (2365)-Rogozenko,D (2531) ROM-chT Eforie Nord 2000 (2) 0-1}) 19...
Rxd5 20. Nc2 (20. Qh3) 20... Re5 $11 {Galkin,A (2608)-Carlsen,M (2710)
Carlsen-Galkin Match blitz 2007 0-1}) 11... f5 12. exf5 Bxf5 13. Nc2 {[%cal
Gc2e3]} O-O (13... Be6 $5) (13... Ne7 $5 14. Nce3 Be6 15. g3 {[%cal Gf1g2,
Gg2d5]} Nxd5 16. Nxd5 O-O 17. Bg2 a5 18. O-O Rb8 $11 {[%csl Ge6,Gg7]}) 14. Nce3
Bd7 $5 {Une ligne secondaire qui est la spécialité du MI grec TZERMIADIANOS} (
14... Be6 {Plus courant} 15. Bd3 f5 {Topalov,V (2630)-Illescas Cordoba,M (2595)
Linares 13th 1995 (7) 1-0}) 15. a4 (15. Bd3 f5 16. Bc2 e4 17. Nf4 b4 18. Bb3+
Kh8 19. O-O bxc3 20. bxc3 Bxc3 21. Rc1 Be5 22. Rxc6 Bxc6 23. Ne6 Qh4 24. g3 Qh3
25. Ng5 Qh6 26. Nf7+ Rxf7 27. Bxf7 Rf8 28. Bd5 Bb5 29. Bc4 Bd7 30. Bd5 Qh3 31.
f4 exf3 32. Qxf3 {Maleki,N (2146)-Debray,C (2333)/Paris 2007/CBM 119 ext/0-1 
(34)}) 15... Ne7 $5 $146 {[%cal Ge7d5] Une nouveauté interessante pour lutter
de manière classique pour le contrôle de la case "d5"} (15... bxa4 16. Ra2 a3
17. Rxa3 a5 18. Ra4 Kh8 19. Bc4 f6 20. O-O f5 21. f4 exf4 22. Nxf4 Ne5 23. Be6
Bxa4 24. Qxa4 Ng6 25. Nxf5 Nxf4 26. Qxf4 Be5 27. Qf2 Rb8 28. g3 Qe8 29. Bc4 Qc6
30. Bd3 Qb6 {Kolev,A (2550)-Tzermiadianos,A (2465)/Elista 1998/CBM 066 ext/1/
2-1/2 (60)}) (15... Rb8) (15... b4 $5 $146 16. cxb4 (16. Nxb4 Nxb4 17. cxb4 e4
{[%cal Gg7b2]} 18. Rb1 Be6 {[%cal Ge6a2]}) 16... e4 $1 {[%cal Gg7b2]} 17. Qd2 (
17. Qb3 Be6 $44 {[%cal Ge6b3]} 18. Bc4 Nd4) (17. Rb1 Nd4 (17... Be5) (17... Rb8
) 18. Bc4 Be6 19. O-O Qg5 $44) 17... Nd4 {[%cal Gd4b3,Gb3d2,Gb3a1]}) 16. axb5
Nxd5 17. Nxd5 axb5 18. Rxa8 Qxa8 $132 {[%cal Ga8d5,Gd7c6]} 19. Nb6 $6 (19. Bd3
$1 Be6 20. Be4 {[%cal Gd5e7,Ge4a8]} Qa4 21. Qxa4 bxa4 22. Kd2 (22. O-O Rb8 $17
{[%csl Rb2]}) 22... Rb8 23. Kc2 Rb5 {[%cal Gb5d5,Ge6d5]} (23... f5 24. Ne7+)
24. Ne7+ (24. Rd1 f5) 24... Kh8 25. Ra1 $11) 19... Qc6 $6 (19... Qe4+ $1 20.
Be2 Be6 21. Qxd6 Qxg2 $40) 20. Nxd7 Qxd7 21. Be2 Rb8 $132 {[%cal Gd6d5] les
noirs ont un îlot de P supplémentaire mais la structure est trés dynamique. La
minorité de P bloque l'aile-dame et le centre est fort.} 22. O-O d5 {Ce coup
naturel est peut-être prématuré car Qb3 va forcer les noirs а pousser d5d4 qui
va éliminer le centre} (22... Qe6 23. Bg4 f5 24. Bh3 b4) (22... b4 $1 23. Qd3
bxc3 24. bxc3 d5 25. Bf3 d4 26. Rd1 Qb5 27. Qxb5 Rxb5 28. cxd4 exd4 29. Kf1 $11
) 23. Qb3 $1 d4 24. cxd4 exd4 25. Bd3 $14 Qa7 26. Qc2 h6 27. Re1 Qa5 28. Qe2 (
28. Kf1) 28... Qb4 29. g3 Kf8 30. Kg2 Qc5 31. Qf3 Re8 32. Rxe8+ Kxe8 33. Qa8+
Ke7 34. Qb7+ Ke6 35. Bxb5 (35. Qa6+ $5 {evite l'échange des Q} Ke7 36. Bxb5)
35... Qd5+ $1 36. Qxd5+ Kxd5 {[%csl Gb5,Gg7]} 37. b3 (37. Bd3 {[%csl Rf5,Rf7]})
37... Ke4 38. Be8 (38. Kf1 d3 {[%cal Gg7c3]}) 38... f5 (38... d3 39. Bxf7 Kd4 {
[%cal Gd4c3]} 40. Kf1 Kc3 41. Ke1 Kc2 42. Bg6 Bc3+ 43. Kf1 Bb4 44. f4 Kc3 45.
Ke1 (45. Be4) 45... Kxb3+) 39. Bg6 {[%cal Gg3g4,Gg6e4]} d3 40. f3+ Ke5 41. Kf2
f4 (41... Kd4 42. Bxf5 {[%csl Gf3][%cal Gf3f8]}) 42. Bxd3 Bf8 43. Kg2 Kf6 $5
44. gxf4 (44. g4 Kg5 45. Kf2 Kh4 {[%cal Gh4h2]}) 44... Bd6 45. Kg3 Bc5 46. Kg4
Be3 $6 (46... Be7) 47. b4 $16 Ke6 48. b5 Kf6 49. h3 Ke6 50. Kh5 $2 (50. f5+ Kf6
51. f4 {[%cal Gg4f3,Gf3e4]} Kg7 52. Kf3 $1 {Exploitant la position exposée du
Be3 pour gagner un tempo important} Bb6 53. Ke4 Kf6 54. Kd5 Ke7 55. Kc6) 50...
Bxf4 51. b6 Kf6 52. b7 Kg7 53. Kg4 Bc7 54. Kf5 Kf7 55. Bc4+ Ke7 56. Kg6 Bf4 57.
Kg7 Kd7 58. Bd5 Ke7 59. Be4 Ke6 60. h4 (60. Kg6 Ke7 61. Kf5 Bd6 62. f4 Bb8 63.
Bd5 Bc7 64. Ke4 Bd6 65. f5 Kf6 66. Be6 Ke7 67. Kd5 {[%cal Gf5f6]} Bf4 68. Kc6
Bg3 69. h4 Be5 70. Bc4 Kf6 71. Bd3 Ke7 72. f6+ $1 Ke6 (72... Kxf6 73. Kd7 {
[%cal Gd7c8,Gb7b8]} Bg3 {La finale doit toujours être nulle même si les noirs
sont obligés de sacrifier le B sur la promotion du P "b" car la case "h8" est
sur la mauvaise couleur pour le B}) 73. f7) 60... Ke7 61. Bf5 Kd8 62. Kf7 Kc7
63. Bc8 Kd8 64. h5 Bg3 65. Be6 Kc7 66. Bd5 Kd7 67. Be4 (67. Kg6 Bf4 68. Kf5 Bd6
69. f4 Bb8 70. Ke4 Ke7 71. f5 Kf6 {[%csl Gf6]} 72. Be6 Bc7 73. Kd5 Bb8 (73...
Kg5 $2 74. Kc6) 74. Kc6 Ke7 {le K blanc manque de cases de pénétration et
malgré l'avantage matériel, les noirs doivent tenir la nulle} (74... Kg5 $2 75.
Kd7 {[%cal Gd7e7,Gf5f6]})) 67... Bf4 68. Kf6 Bd6 69. Bf5+ Kc7 70. Bc8 Kd8 71.
Kf7 (71. Kg7 Bf4) 71... Bg3 72. Ke6 Bb8 73. Bd7 Kc7 $4 $138 {Le GMI finit par
craquer mais en phase KO, les noirs ne peuvent en profiter. Il est toujours
difficile de faire des finales "propres" avec les cadences accélérées.} 74. f4
Kxb7 75. f5 Kc7 76. f6 $4 (76. Ke7 $1 {[%csl Gd8]} Kb7 77. f6 Be5 78. f7 Bg7
79. f8=Q Bxf8+ 80. Kxf8 Kc7 81. Kg7 $18) 76... Kd8 $1 77. Bb5 Ba7 78. Kf7 Bd4
79. Kg6 Bc3 80. Bd3 Bd4 81. Bf1 Bc3 82. Bb5 {[%mdl 4104] Suite illisible et
nulle au 94ème coup} 1/2-1/2

[Event "Avoine op 22nd"]
[Site "Avoine"]
[Date "2007.07.24"]
[Round "4"]
[White "Debray, Christopher"]
[Black "Tirard, Hugo"]
[Result "1/2-1/2"]
[WhiteElo "2333"]
[BlackElo "2476"]
[Annotator "Primel,D"]
[PlyCount "103"]
[EventDate "2007.07.21"]
[EventType "swiss"]
[EventRounds "9"]
[EventCountry "FRA"]
[SourceTitle "EXT 2010"]
[Source "ChessBase"]
[SourceDate "2010.11.25"]
[SourceVersion "1"]
[SourceVersionDate "2010.11.25"]
[SourceQuality "1"]

1. e4 c5 2. Nf3 Nc6 3. Nc3 Nf6 4. d4 cxd4 5. Nxd4 e5 6. Ndb5 d6 7. Bg5 a6 8.
Na3 b5 9. Bxf6 gxf6 10. Nd5 Bg7 11. c3 f5 12. exf5 Bxf5 13. Nc2 O-O 14. Nce3
Bg6 15. h4 h6 16. g4 ({RR} 16. Bd3 e4 17. Bc2 b4 18. cxb4 Rb8 19. a3 a5 20. b5
Rxb5 21. Ba4 Rc5 22. Rb1 Ne5 23. b4 axb4 24. axb4 Nd3+ 25. Kf1 Rxd5 26. Nxd5
Qa8 27. Bb3 Rb8 28. h5 Bh7 29. Rh3 Qa7 30. Ne3 Kh8 {Santo Roman,M (2413)
-Tirard,H (2401)/France 2002/EXT 2003/1/2-1/2 (46)}) 16... Be4 ({RR} 16... b4
17. Bg2 bxc3 18. bxc3 e4 19. Nf5 Re8 20. O-O Bxf5 21. gxf5 Qxh4 22. f6 Bf8 23.
Qa4 Ne5 24. Qxe4 Qxe4 25. Bxe4 Rac8 26. f3 Rc5 27. Rab1 Nc4 28. Rf2 Rb5 29. Rb4
Ne5 30. Rg2+ Kh8 31. Rgb2 {Azarov,S (2581)-Moiseenko,A (2657)/Cappelle la
Grande 2006/CBM 110 ext/1-0 (38)}) 17. Rh3 $146 ({RR} 17. f3 Bxd5 18. Nxd5 b4
19. Qa4 Ne7 20. Nxb4 Qb6 21. O-O-O Rfc8 22. Qc2 a5 23. Nd5 Nxd5 24. Rxd5 a4 25.
a3 Rab8 26. Be2 e4 27. fxe4 Qe3+ 28. Qd2 Qxe4 29. Rh3 Bxc3 30. Rxc3 Rxc3+ 31.
Qxc3 Qxd5 {Roger,M (2190)-Tirard,H (2365)/France 1996/EXT 2004/0-1 (33)}) 17...
Bxd5 (17... Ne7 $11) 18. Nxd5 Ne7 19. g5 hxg5 20. hxg5 Nxd5 21. Qxd5 Qxg5 22.
Rg3 Qh6 (22... Qf4 $2 23. Qg2 {[%csl Rg7]}) 23. Bg2 (23. Bd3 e4 $1 24. Bxe4
Rae8 25. Kf1 {[%cal Gf1g2]} Re5 26. Qd3 Rfe8 27. Bc6) 23... e4 24. Ke2 Rfe8 25.
Rh1 $36 Qf4 26. Qh5 $6 (26. Rh5 $142 {[%cal Gg3h3]} e3 27. Bf3 $1 exf2+ 28.
Kxf2 Qe3+ $2 29. Kg2) 26... Kf8 27. Rg4 Qf6 28. Qd5 Rac8 29. Rh7 Rc5 30. Qd2 e3
31. fxe3 Rg5 32. Rxg5 Qxg5 33. Bd5 Kg8 34. Rh2 Qg4+ 35. Kd3 Re5 36. e4 Rh5 37.
Rf2 Kh8 38. Kc2 b4 39. Rxf7 bxc3 40. bxc3 Qg1 41. Kb3 Rh2 42. Qd3 Qb6+ 43. Ka4
Qb2 44. Rf3 Rh5 45. e5 Rh4+ 46. c4 Qxa2+ 47. Kb4 Qb2+ 48. Ka5 Qxe5 49. Rh3 Qa1+
50. Kb6 Qd4+ 51. Kxa6 Qxd3 52. Rxd3 1/2-1/2